000 00297nam a22001337a 4500
008 170602b xxu||||| |||| 00| 0 eng d
020 _a9780140204032
041 _aeng
080 _a94(4)
100 _a17
101 _aSHH
245 _aA HISTORY OF MODERN FRANCE
_cCOBBAN, A
942 _2udc
_cBK
999 _c15699
_d15699